000 00503nam a2200181Ia 4500
001 22754
005 20260414150852.0
008 260414t2020||||xx |||||||||||||| ||spa||
041 _aESP
082 _a621.47
_bC34
100 _aCastillo, Inma C.,
_eAUT
245 0 _aCiencia y tecnología de la energía solar, hidráulica, eólica, geotérmica, biomasa y fusión nuclear
_b
260 _c2020
300 _a259 páginas :
_c23 cm.
650 _aTCA
654 _aCII
942 _cLIB
_dJUS
_fJUS
_2ddc
_n
999 _c22754
_d22754